| 000 | 00578 a2200169 4500 | ||
|---|---|---|---|
| 999 |
_c5426 _d5426 |
||
| 010 | _aENG-86854 | ||
| 020 |
_a8179940322 _c60.00 |
||
| 035 | _aEN-70387 | ||
| 037 | _bDBAD / PUB | ||
| 082 | 1 | 4 | _a220.21 |
| 100 | 1 | _aKashyap, R.L. | |
| 245 | 1 |
_aEssentials of Krishna and Shukla : _cby R.L.Kashyap _bYajur veda / |
|
| 260 |
_aBangalore _bSri Aurobindo Kapali Sastry Inst. of Vedic Culture _c2004 |
||
| 270 |
_a 63, 13th Main, 4th Block East, Jayanagar _bBangalore _e560 011 _minfo@vedah.com |
||
| 300 |
_aix, 166p _c21cm (Pbk) |
||
| 942 |
_adpl _cEN _2ddc _h220.021 _mKAS |
||